[Event "26th WSCC 2016 Open 65+"]
[Site "Marianske Lazne, Czech Republic - Hotel Cristal and Continental"]
[Date "2016.11.30"]
[Round "11.7"]
[White "Bogdanov, Valentin"]
[Black "Shevelev, Arkady"]
[Result "1/2-1/2"]
[WhiteElo "2385"]
[BlackElo "2283"]
[PlyCount "109"]
[EventDate "2016.11.19"]

1. d4 Nf6 2. Nf3 d5 3. c4 c5 4. cxd5 cxd4 5. Qxd4 Qxd5 6. Nc3 Qxd4 7. Nxd4 a6
8. Bg5 e5 9. Nc2 Be6 10. Bxf6 gxf6 11. g3 Nc6 12. Bg2 O-O-O 13. Rd1 Rxd1+ 14.
Kxd1 Nb4 15. a3 Nxc2 16. Kxc2 Bc5 17. Bd5 f5 18. e3 h5 19. Rd1 h4 20. b4 Ba7
21. Bxe6+ fxe6 22. g4 h3 23. gxf5 exf5 24. Rg1 e4 25. Ne2 Bb8 26. Ng3 Kd7 27.
Nf1 Be5 28. Kd1 Ke6 29. Rg6+ Bf6 30. Nd2 Kf7 31. Rg1 b5 32. f3 Rd8 33. Ke2 Bc3
34. Nb3 exf3+ 35. Kxf3 Be5 36. Rg5 Bxh2 37. Rxf5+ Kg6 38. Kg4 Rd3 39. Rg5+ Kf6
40. Rf5+ Ke7 41. Nd4 Rxe3 42. Rh5 Re4+ 43. Kxh3 Rxd4 44. Kxh2 Rd2+ 45. Kg1 Ra2
46. Rh7+ Kd8 47. Kf1 Rxa3 48. Ke2 Ra4 49. Rh4 Kd7 50. Kd3 Kd6 51. Rh6+ Ke5 52.
Kc3 Ra3+ 53. Kb2 Rf3 54. Rxa6 Kd5 55. Rh6 1/2-1/2

[Event "26th WSCC 2016 Open 65+"]
[Site "Marianske Lazne, Czech Republic - Hotel Cristal and Continental"]
[Date "2016.11.30"]
[Round "11.8"]
[White "Neckar, Lubomir"]
[Black "Kakageldyev, Amanmurad"]
[Result "1/2-1/2"]
[WhiteElo "2319"]
[BlackElo "2373"]
[PlyCount "70"]
[EventDate "2016.11.19"]

1. Nf3 d5 2. g3 Nf6 3. Bg2 c6 4. O-O Bf5 5. d3 e6 6. Nfd2 Bc5 7. e4 dxe4 8.
dxe4 Bg4 9. Qe1 e5 10. Nb3 Bb6 11. Na3 Be6 12. Qc3 Nbd7 13. Nc4 Bxc4 14. Qxc4
O-O 15. a4 a5 16. Bd2 Qe7 17. Bc3 Rfe8 18. Rad1 Nc5 19. Nxc5 Bxc5 20. b3 Bb4
21. Bb2 Rad8 22. Qe2 h6 23. Rxd8 Rxd8 24. Rd1 Rxd1+ 25. Qxd1 Qd6 26. Qxd6 Bxd6
27. Kf1 Kf8 28. f3 Ke7 29. Bh3 Nd7 30. Bxd7 Kxd7 31. Ke2 b5 32. Kd3 Kc7 33. g4
g5 34. Bc3 Kb6 35. Be1 f6 1/2-1/2

[Event "26th WSCC 2016 Open 65+"]
[Site "Marianske Lazne, Czech Republic - Hotel Cristal and Continental"]
[Date "2016.11.30"]
[Round "11.9"]
[White "Harandi, Khosro"]
[Black "Van Riemsdijk, Herman C"]
[Result "1/2-1/2"]
[WhiteElo "2354"]
[BlackElo "2309"]
[PlyCount "109"]
[EventDate "2016.11.19"]

1. Nf3 d5 2. b3 Nf6 3. Bb2 Bg4 4. e3 Nbd7 5. Be2 e6 6. h3 Bxf3 7. Bxf3 Bd6 8.
c4 c6 9. Nc3 Qe7 10. O-O O-O 11. d4 Ba3 12. Qc1 Bxb2 13. Qxb2 Rfd8 14. Rfd1 Nf8
15. Ne2 Ng6 16. g3 e5 17. cxd5 e4 18. Bg2 Nxd5 19. Qc2 f5 20. a3 Nf8 21. b4 Ne6
22. h4 g6 23. Qb3 a6 24. Rab1 Kg7 25. Rdc1 h6 26. a4 Nec7 27. Nc3 g5 28. hxg5
hxg5 29. g4 Nxc3 30. Qxc3 Nd5 31. Qc5 Qe6 32. gxf5 Qxf5 33. Qc2 Re8 34. b5 cxb5
35. axb5 a5 36. Qd2 Rh8 37. b6 Rh4 38. Rb5 Rah8 39. Rxd5 Qxd5 40. Rc5 Qe6 41.
Rxg5+ Kh6 42. Qxa5 Rc8 43. Rg3 Rc1+ 44. Bf1 Rg4 45. Qa3 Rxg3+ 46. fxg3 Rb1 47.
Qf8+ Kh7 48. Qf4 Rxb6 49. d5 Qg6 50. Qh4+ Kg7 51. Qe7+ Kg8 52. Qd8+ Kg7 53.
Qe7+ Kg8 54. Qd8+ Kg7 55. Qe7+ 1/2-1/2

[Event "26th WSCC 2016 Open 65+"]
[Site "Marianske Lazne, Czech Republic - Hotel Cristal and Continental"]
[Date "2016.11.30"]
[Round "11.10"]
[White "Shvedchikov, Anatoli I"]
[Black "Renman, Nils-Gustaf"]
[Result "0-1"]
[WhiteElo "2281"]
[BlackElo "2352"]
[PlyCount "72"]
[EventDate "2016.11.19"]

1. c4 e6 2. Nf3 d5 3. b3 d4 4. e3 c5 5. exd4 cxd4 6. g3 Nc6 7. Bg2 Bd6 8. O-O
Nf6 9. d3 O-O 10. a3 a5 11. Bg5 h6 12. Bxf6 Qxf6 13. Ne1 e5 14. Nd2 Qe7 15. Nc2
f5 16. Qe2 Bd7 17. Rfe1 Rae8 18. Kh1 Kh8 19. Kg1 Qf6 20. Rab1 Qe7 21. Ra1 Bc5
22. Bd5 e4 23. f4 Qd6 24. Kh1 Ne7 25. b4 Nxd5 26. bxc5 Qxc5 27. Nb3 Qb6 28.
Nbxd4 Nc3 29. Qd2 Qb2 30. Kg1 Ba4 31. Kg2 Rd8 32. dxe4 Bxc2 33. Qxc2 Qxc2+ 34.
Nxc2 Rd2+ 35. Kh3 Rxc2 36. exf5 Rxf5 0-1

[Event "26th WSCC 2016 Open 65+"]
[Site "Marianske Lazne, Czech Republic - Hotel Cristal and Continental"]
[Date "2016.11.30"]
[Round "11.11"]
[White "Zilbert, Oleg"]
[Black "Pritchett, Craig W"]
[Result "0-1"]
[WhiteElo "2208"]
[BlackElo "2338"]
[PlyCount "174"]
[EventDate "2016.11.19"]

1. e4 c5 2. Nf3 e6 3. d3 Nc6 4. g3 d5 5. Nbd2 Bd6 6. Bg2 Nge7 7. O-O O-O 8. Re1
Bc7 9. c3 b6 10. a3 a5 11. e5 Ba6 12. Nf1 d4 13. c4 Rb8 14. h4 Ng6 15. Qe2
Ncxe5 16. Ng5 h6 17. Ne4 f5 18. Ned2 Re8 19. Nh2 Bb7 20. Bxb7 Rxb7 21. h5 Nf8
22. f4 Nf7 23. Qg2 Rb8 24. Ndf3 e5 25. fxe5 Bxe5 26. Qh3 Qf6 27. Rf1 Nh7 28.
Nxe5 Nxe5 29. Rxf5 Qe6 30. g4 Rbc8 31. Bd2 Nf7 32. Re1 Nhg5 33. Qg2 Qd6 34.
Ref1 Re7 35. Nf3 Ne6 36. Nh4 Nfg5 37. Rd5 Qc7 38. Ng6 Ree8 39. Rdf5 Rcd8 40.
R1f2 Kh7 41. Re5 Kg8 42. Rfe2 Qf7 43. Rf2 Qc7 44. Qf1 Nf7 45. Ref5 Nd6 46. R5f3
b5 47. cxb5 c4 48. Qc1 Rc8 49. a4 Qb7 50. Qf1 c3 51. Bc1 Kh7 52. Re2 cxb2 53.
Bxb2 Ng5 54. Rg3 Qd5 55. Qg2 Rxe2 56. Qxe2 Qb3 57. Rg2 Re8 58. Qf1 Qxa4 59. b6
Qc6 60. Re2 Rxe2 61. Qxe2 Qxb6 62. Ba3 Qc6 63. Kf2 Ndf7 64. Nf8+ Kg8 65. Ng6
Kh7 66. Nf8+ Kg8 67. Ng6 Qe6 68. Ne7+ Kh7 69. Ng6 Qxe2+ 70. Kxe2 Nd8 71. Kf2
Nc6 72. Kg3 Nb4 73. Ne5 Nc2 74. Bc1 a4 75. Nc4 Ne6 76. Kf3 Nc5 77. Ke2 Nb4 78.
Ne5 Nb3 79. Bb2 Nd5 80. Kf3 Nc3 81. Nc4 Nc5 82. Ne5 Nb5 83. Nc6 Nb3 84. Ke4 a3
85. Bxa3 Nxa3 86. Ne7 Nc2 87. Kd5 Ne3+ 0-1

[Event "26th WSCC 2016 Open 65+"]
[Site "Marianske Lazne, Czech Republic - Hotel Cristal and Continental"]
[Date "2016.11.30"]
[Round "11.12"]
[White "Malmdin, Nils-Ake"]
[Black "Pushkov, Nikolai"]
[Result "1/2-1/2"]
[WhiteElo "2182"]
[BlackElo "2325"]
[PlyCount "127"]
[EventDate "2016.11.19"]

1. e4 e6 2. d4 d5 3. e5 c5 4. c3 Nc6 5. Nf3 Bd7 6. a3 a5 7. Bd3 h6 8. O-O b5 9.
dxc5 Bxc5 10. Qe2 b4 11. Be3 Bxe3 12. Qxe3 Nge7 13. Nbd2 O-O 14. c4 Qb8 15.
Rfe1 Qa7 16. Qf4 f5 17. cxd5 Nxd5 18. Qh4 bxa3 19. bxa3 Rab8 20. Bc4 Nce7 21.
Qd4 Qa8 22. Rab1 Rfc8 23. Rxb8 Qxb8 24. h3 Qc7 25. Rb1 Nc6 26. Qa1 Nf4 27. h4
Qa7 28. Rf1 a4 29. g3 Na5 30. Ba2 Nd3 31. Qd4 Qxd4 32. Nxd4 Kf7 33. f4 Ke7 34.
Bb1 Nc1 35. Rf3 Rc5 36. Kf2 Nc6 37. Nxc6+ Bxc6 38. Re3 Bd5 39. Bd3 Nb3 40. Nb1
Nd4 41. Re1 Kd7 42. Ke3 Nc2+ 43. Bxc2 Rxc2 44. Kd3 Rg2 45. Nc3 Rxg3+ 46. Re3
Rg1 47. Nxd5 exd5 48. e6+ Ke7 49. Kd4 g5 50. hxg5 hxg5 51. fxg5 Rxg5 52. Ke5
Rh5 53. Re2 f4+ 54. Kxf4 Rh6 55. Re5 Rh3 56. Rxd5 Kxe6 57. Re5+ Kd6 58. Re3
Rh4+ 59. Kf3 Kc5 60. Ke2 Kc4 61. Kd2 Rh2+ 62. Re2 Rh3 63. Re3 Rh2+ 64. Re2
1/2-1/2

[Event "26th WSCC 2016 Open 65+"]
[Site "Marianske Lazne, Czech Republic - Hotel Cristal and Continental"]
[Date "2016.11.30"]
[Round "11.13"]
[White "Tapper, Larry"]
[Black "Birnboim, Nathan"]
[Result "1/2-1/2"]
[WhiteElo "2212"]
[BlackElo "2365"]
[PlyCount "128"]
[EventDate "2016.11.19"]

1. e4 e6 2. d4 d5 3. Nc3 Bb4 4. Bd2 dxe4 5. Qg4 Qxd4 6. Nf3 Nh6 7. Qf4 Qb6 8.
Qxe4 f5 9. Qe5 Nf7 10. Qxg7 Bf8 11. Qg3 Bd6 12. Qg7 Bf8 13. Qg3 Bd6 14. Qh4 Be7
15. Qc4 Bf6 16. Qb3 Bd7 17. Be3 Qxb3 18. axb3 a6 19. Bf4 Nc6 20. Bxc7 Rc8 21.
Bb6 Nb4 22. O-O-O Rxc3 23. bxc3 Na2+ 24. Kd2 Bxc3+ 25. Ke3 Nb4 26. Bc4 Rg8 27.
Ke2 Rxg2 28. Rhg1 Rg4 29. h3 Rxg1 30. Rxg1 Nd6 31. Bd3 Nd5 32. Bc5 Ne4 33. Bxe4
fxe4 34. Rg8+ Kf7 35. Rf8+ Kg7 36. Ng5 Bb5+ 37. Kd1 Nf6 38. Nxe6+ Kg6 39. Bd4
Bxd4 40. Nxd4 Be8 41. Ne6 Bd7 42. Nc5 Bxh3 43. Nxb7 h5 44. Nc5 h4 45. Ke2 Bg2
46. Ne6 h3 47. Nf4+ Kf5 48. Nxh3 Bxh3 49. Ra8 Bg4+ 50. Kd2 Ke5 51. Rxa6 Nd5 52.
c3 Be6 53. Ra8 Nf6 54. c4 Ng4 55. Ke2 Kd4 56. Re8 Bf5 57. Rf8 Be6 58. Rf4 Ne5
59. Kd2 Bg4 60. c5 Bd7 61. b4 Nd3 62. Rf6 Ke5 63. Rd6 Bf5 64. f3 Nxb4 1/2-1/2

[Event "26th WSCC 2016 Open 65+"]
[Site "Marianske Lazne, Czech Republic - Hotel Cristal and Continental"]
[Date "2016.11.30"]
[Round "11.14"]
[White "Rooze, Jan"]
[Black "Furman, Boris"]
[Result "1/2-1/2"]
[WhiteElo "2335"]
[BlackElo "2207"]
[PlyCount "72"]
[EventDate "2016.11.19"]

1. e4 c5 2. Nf3 Nc6 3. Bb5 g6 4. O-O Bg7 5. Re1 Nf6 6. Bxc6 bxc6 7. e5 Nd5 8.
c4 Nb6 9. d4 cxd4 10. Qxd4 d5 11. cxd5 Qxd5 12. Qh4 Qc4 13. Qxc4 Nxc4 14. b3
Nb6 15. Ba3 Nd5 16. Nbd2 O-O 17. Rac1 Bd7 18. g3 Rfb8 19. Nd4 Rb6 20. Bc5 Rb7
21. a3 a5 22. Nc4 Be8 23. Rc2 Nc7 24. Bxe7 Nb5 25. Bc5 Nxd4 26. Bxd4 Rxb3 27.
Bc5 Bf8 28. Bxf8 Kxf8 29. Rd1 Ke7 30. Rd6 Bd7 31. Rb2 Rxb2 32. Nxb2 Rb8 33. Nc4
a4 34. Na5 Rb5 35. Nxc6+ Bxc6 36. Rxc6 Rb3 1/2-1/2

[Event "26th WSCC 2016 Open 65+"]
[Site "Marianske Lazne, Czech Republic - Hotel Cristal and Continental"]
[Date "2016.11.30"]
[Round "11.15"]
[White "Sloth, Jorn"]
[Black "Harestad, Thor Geir"]
[Result "1-0"]
[WhiteElo "2312"]
[BlackElo "2211"]
[PlyCount "93"]
[EventDate "2016.11.19"]

1. Nf3 Nf6 2. c4 g6 3. Nc3 c5 4. e4 d6 5. d4 cxd4 6. Nxd4 Bg7 7. Be2 O-O 8. O-O
Nc6 9. Nc2 a6 10. Be3 Be6 11. f3 Rc8 12. Nd5 Nd7 13. Rb1 Nce5 14. b3 Nc5 15.
Rc1 Bd7 16. Qd2 Rb8 17. Rfd1 Bc6 18. Bg5 Re8 19. Kh1 Ne6 20. Be3 Nd7 21. b4 b5
22. Na3 bxc4 23. Nxc4 Ba4 24. Re1 f5 25. exf5 gxf5 26. Na5 Ra8 27. Bc4 Ne5 28.
Nb6 Nxc4 29. Naxc4 Bd7 30. Nxa8 Qxa8 31. Nb6 Qb7 32. Nxd7 Qxd7 33. Qd5 Kh8 34.
Qxf5 Rf8 35. Qg4 Be5 36. f4 Rg8 37. Qh3 Bb2 38. Rc2 Bf6 39. Rce2 Qc8 40. Rc1
Qd7 41. Bg1 Nf8 42. Qxd7 Nxd7 43. Rc7 Rd8 44. g4 h6 45. h4 d5 46. g5 hxg5 47.
hxg5 1-0

[Event "26th WSCC 2016 Open 65+"]
[Site "Marianske Lazne, Czech Republic - Hotel Cristal and Continental"]
[Date "2016.11.30"]
[Round "11.16"]
[White "Babula, Milan"]
[Black "Boehnisch, Manfred"]
[Result "1-0"]
[WhiteElo "2210"]
[BlackElo "2297"]
[PlyCount "32"]
[EventDate "2016.11.19"]

1. e4 b6 2. f4 Bb7 3. d3 e6 4. Nf3 d5 5. Nbd2 dxe4 6. dxe4 Nf6 7. Bd3 Na6 8. e5
Nd5 9. Ne4 Nc5 10. Nxc5 Bxc5 11. a3 a5 12. Qe2 Qc8 13. Bd2 Ba6 14. c4 Bb7 15.
cxd5 Bxd5 16. Be4 O-O 1-0

[Event "26th WSCC 2016 Open 65+"]
[Site "Marianske Lazne, Czech Republic - Hotel Cristal and Continental"]
[Date "2016.11.30"]
[Round "11.17"]
[White "Kolbak, Jens"]
[Black "Gutkin, Boris"]
[Result "1/2-1/2"]
[WhiteElo "2189"]
[BlackElo "2275"]
[PlyCount "98"]
[EventDate "2016.11.19"]

1. e4 c5 2. Nf3 d6 3. Bb5+ Nd7 4. O-O a6 5. Bd3 Ngf6 6. Re1 g6 7. h3 Bg7 8. a4
b6 9. Nc3 Bb7 10. Bf1 O-O 11. d3 Bc6 12. d4 cxd4 13. Nxd4 Bb7 14. Bg5 Rc8 15.
Qd2 Ne5 16. Bh6 Nc4 17. Bxc4 Rxc4 18. Bxg7 Kxg7 19. b3 Rc5 20. Re3 h6 21. Rae1
e5 22. Nde2 Qc7 23. Rd1 Rd8 24. Qe1 Rc8 25. f3 Qe7 26. Red3 Ne8 27. Qf2 Qc7 28.
Qe3 Rd8 29. f4 Nf6 30. b4 exf4 31. Qxf4 Re5 32. Rd4 Qe7 33. Ng3 Rd7 34. R1d3 b5
35. axb5 axb5 36. Kh2 Rd8 37. Rd2 Rd7 38. R2d3 Rd8 39. Rd2 Rc8 40. Qf3 Rd8 41.
Qd3 d5 42. Qe3 Rb8 43. Nxb5 Bc6 44. Na3 Rxb4 45. Qc3 Rxd4 46. Rxd4 dxe4 47.
Qxc6 Qxa3 48. Nxe4 Re6 49. Qc3 Qxc3 1/2-1/2

[Event "26th WSCC 2016 Open 65+"]
[Site "Marianske Lazne, Czech Republic - Hotel Cristal and Continental"]
[Date "2016.11.30"]
[Round "11.18"]
[White "Kierzek, Matthias"]
[Black "Vikulov, Alexander"]
[Result "1-0"]
[WhiteElo "2189"]
[BlackElo "2275"]
[PlyCount "27"]
[EventDate "2016.11.19"]

1. d4 Nf6 2. c4 e6 3. Nf3 d5 4. Nc3 c5 5. cxd5 exd5 6. Bg5 Be7 7. dxc5 Nc6 8.
e3 Qa5 9. Be2 Qxc5 10. O-O O-O 11. Rc1 Qa5 12. Nd4 h6 13. Bh4 Ne4 14. Nxc6 1-0

[Event "26th WSCC 2016 Open 65+"]
[Site "Marianske Lazne, Czech Republic - Hotel Cristal and Continental"]
[Date "2016.11.30"]
[Round "11.19"]
[White "Friedman, Josef"]
[Black "Frick, Christoph"]
[Result "0-1"]
[WhiteElo "2187"]
[BlackElo "2275"]
[PlyCount "114"]
[EventDate "2016.11.19"]

1. d4 d5 2. c4 c6 3. e3 Bf5 4. Nc3 e6 5. Nf3 Nd7 6. cxd5 exd5 7. Bd3 Bxd3 8.
Qxd3 Ngf6 9. O-O Be7 10. Bd2 O-O 11. Rfe1 Re8 12. Rad1 Bd6 13. Qf5 Qe7 14. Bc1
Rad8 15. Nd2 g6 16. Qd3 Ne4 17. Ndxe4 dxe4 18. Qf1 Qh4 19. g3 Qh5 20. Qg2 Nf6
21. Rf1 Bb4 22. f4 c5 23. Ne2 Qd5 24. a3 Ba5 25. f5 g5 26. h3 Qb3 27. Kh2 Kg7
28. Nc3 b6 29. Qe2 cxd4 30. exd4 h6 31. d5 Bxc3 32. bxc3 Rxd5 33. Rxd5 Qxd5 34.
Rd1 Qxf5 35. Rf1 Qe6 36. Be3 Kg6 37. Bd4 Nd7 38. g4 Qd6+ 39. Kg2 Qc6 40. Rf5
Re6 41. Qe3 f6 42. h4 Ne5 43. hxg5 Nxg4 44. Qf4 e3+ 45. Kg3 Nf2 46. Rxf6+ Rxf6
47. gxf6 Ne4+ 48. Kh4 Nxf6 49. Qxe3 Qh1+ 50. Kg3 Qe4 51. Qxe4+ Nxe4+ 52. Kh4
Nd6 53. Be5 Nc4 54. Bb8 a6 55. a4 Nb2 56. a5 bxa5 57. Ba7 Nc4 0-1

[Event "26th WSCC 2016 Open 65+"]
[Site "Marianske Lazne, Czech Republic - Hotel Cristal and Continental"]
[Date "2016.11.30"]
[Round "11.20"]
[White "Gundersen, Helge"]
[Black "Sorensen, Bent"]
[Result "0-1"]
[WhiteElo "2120"]
[BlackElo "2263"]
[PlyCount "44"]
[EventDate "2016.11.19"]

1. f4 d5 2. Nf3 g6 3. e3 Bg7 4. Be2 c5 5. d3 Nf6 6. O-O O-O 7. Qe1 Nc6 8. Ne5
Qc7 9. Nxc6 Qxc6 10. Nd2 Bg4 11. Nf3 Qd6 12. Bd2 Nd7 13. Bc3 Bxf3 14. Rxf3 d4
15. exd4 Bxd4+ 16. Kh1 Rae8 17. Qh4 f5 18. Bxd4 cxd4 19. Qf2 Nf6 20. c3 e5 21.
cxd4 exf4 22. Rxf4 Rxe2 0-1

[Event "26th WSCC 2016 Open 65+"]
[Site "Marianske Lazne, Czech Republic - Hotel Cristal and Continental"]
[Date "2016.11.30"]
[Round "11.21"]
[White "Pribyl, Josef"]
[Black "Beltz, Robert"]
[Result "1-0"]
[WhiteElo "2252"]
[BlackElo "2135"]
[PlyCount "51"]
[EventDate "2016.11.19"]

1. d4 d5 2. Bf4 Bf5 3. e3 e6 4. Nf3 c6 5. Be2 Bd6 6. Nbd2 Bxf4 7. exf4 Nd7 8.
O-O Ngf6 9. Nh4 Ne4 10. Nxe4 Bxe4 11. g3 h6 12. f3 Bh7 13. c3 g5 14. Ng2 Qc7
15. fxg5 hxg5 16. Qd2 Rg8 17. b4 O-O-O 18. a4 e5 19. b5 c5 20. a5 Qd6 21. dxe5
Nxe5 22. f4 gxf4 23. Rxf4 Be4 24. Ne1 Qh6 25. Qe3 Kb8 26. Rxe4 1-0

[Event "26th WSCC 2016 Open 65+"]
[Site "Marianske Lazne, Czech Republic - Hotel Cristal and Continental"]
[Date "2016.11.30"]
[Round "11.23"]
[White "Khanukov, Boris"]
[Black "Toefferl, Heimo"]
[Result "1-0"]
[WhiteElo "2320"]
[BlackElo "2033"]
[PlyCount "77"]
[EventDate "2016.11.19"]

1. Nf3 d5 2. g3 c6 3. Bg2 e6 4. O-O Bd6 5. d3 f5 6. e4 fxe4 7. dxe4 Ne7 8. Qe2
O-O 9. c4 Bc5 10. Nc3 b6 11. b3 Bb4 12. Bb2 d4 13. Na4 c5 14. a3 Ba5 15. b4 Qe8
16. Nc3 cxb4 17. Nb5 Qh5 18. Nc7 Bb7 19. Nxa8 Bxa8 20. Nxd4 Qxe2 21. Nxe2 Nbc6
22. e5 Rc8 23. Rfd1 Kf7 24. f4 Nf5 25. Kf2 b5 26. c5 bxa3 27. Bxa3 Bd8 28. Bxc6
Bxc6 29. Bb4 Ra8 30. Ra6 Bd5 31. Rda1 Be7 32. Rxa7 Rc8 33. g4 Nh6 34. c6 Re8
35. Bxe7 Rxe7 36. Rxe7+ Kxe7 37. Ra7+ Ke8 38. Ra8+ Ke7 39. c7 1-0

[Event "26th WSCC 2016 Open 65+"]
[Site "Marianske Lazne, Czech Republic - Hotel Cristal and Continental"]
[Date "2016.11.30"]
[Round "11.24"]
[White "Gal, Moshe"]
[Black "Giffard, Nicolas"]
[Result "0-1"]
[WhiteElo "2150"]
[BlackElo "2313"]
[PlyCount "84"]
[EventDate "2016.11.19"]

1. d4 d5 2. Bf4 c5 3. e3 Nc6 4. c3 Nf6 5. Nd2 Bf5 6. Ngf3 e6 7. Nh4 Bg4 8. Qb3
Qb6 9. f3 Bh5 10. g4 Bg6 11. Nxg6 hxg6 12. Bg3 c4 13. Qc2 Qa5 14. Bg2 Be7 15.
O-O O-O 16. b3 cxb3 17. axb3 Qd8 18. c4 Bd6 19. Bxd6 Qxd6 20. c5 Qc7 21. g5 Nd7
22. f4 b6 23. cxb6 Qxb6 24. Rfc1 Rfc8 25. Bf1 a5 26. Qd3 Rcb8 27. Kg2 Ne7 28.
Be2 Nf5 29. Bg4 Nd6 30. h4 Rc8 31. h5 gxh5 32. Bxh5 Qb4 33. Bg4 Rxc1 34. Rxc1
a4 35. bxa4 Rxa4 36. Rb1 Qa5 37. Rc1 Ra3 38. Nb3 Rxb3 39. Qxb3 Qd2+ 40. Kh3
Qxc1 41. Bf3 Nc4 42. g6 Qxe3 0-1

[Event "26th WSCC 2016 Open 65+"]
[Site "Marianske Lazne, Czech Republic - Hotel Cristal and Continental"]
[Date "2016.11.30"]
[Round "11.26"]
[White "Agzamov, Valeriy"]
[Black "Lederman, Leon"]
[Result "1/2-1/2"]
[WhiteElo "2137"]
[BlackElo "2280"]
[PlyCount "20"]
[EventDate "2016.11.19"]

1. d4 d5 2. c4 e6 3. Nc3 Nf6 4. Nf3 c6 5. e3 Nbd7 6. Bd3 dxc4 7. Bxc4 b5 8. Bd3
Bd6 9. O-O Bb7 10. e4 e5 1/2-1/2

[Event "26th WSCC 2016 Open 65+"]
[Site "Marianske Lazne, Czech Republic - Hotel Cristal and Continental"]
[Date "2016.11.30"]
[Round "11.27"]
[White "Casden, Alan"]
[Black "Gruzmann, Boris"]
[Result "1-0"]
[WhiteElo "2102"]
[BlackElo "2268"]
[PlyCount "79"]
[EventDate "2016.11.19"]

1. Nf3 g6 2. e4 c5 3. c3 d5 4. exd5 Qxd5 5. d4 Nf6 6. Na3 cxd4 7. Bc4 Qd8 8.
Qb3 e6 9. Bf4 Bd6 10. Bxd6 Qxd6 11. Nb5 Qe7 12. O-O-O a6 13. Nbxd4 O-O 14. Rhe1
b5 15. Bxe6 fxe6 16. Nxe6 Kh8 17. Nxf8 Qxf8 18. Ne5 Nbd7 19. Nf7+ Kg7 20. Nd6
Rb8 21. Qe6 Bb7 22. Nxb7 Rxb7 23. Qxa6 Nc5 24. Qc6 Rd7 25. Qxb5 Rxd1+ 26. Rxd1
Nfe4 27. f3 Qf4+ 28. Kc2 Nf2 29. Qxc5 Nxd1 30. Kxd1 Qxh2 31. Qe7+ Kg8 32. Qe2
h5 33. a4 h4 34. a5 Qg1+ 35. Kc2 Qc5 36. b4 Qd5 37. Kb2 Kf7 38. a6 g5 39. a7
Qb7 40. Qc4+ 1-0

[Event "26th WSCC 2016 Open 65+"]
[Site "Marianske Lazne, Czech Republic - Hotel Cristal and Continental"]
[Date "2016.11.30"]
[Round "11.28"]
[White "Wheeler, Robert"]
[Black "Braun, Gottfried"]
[Result "0-1"]
[WhiteElo "2007"]
[BlackElo "2242"]
[PlyCount "98"]
[EventDate "2016.11.19"]

1. Nf3 d6 2. c4 e5 3. Nc3 Nc6 4. d4 Nf6 5. dxe5 Nxe5 6. Nxe5 dxe5 7. Qxd8+ Kxd8
8. Bg5 c6 9. a3 Be6 10. e3 Be7 11. Be2 a5 12. O-O Nd7 13. Bxe7+ Kxe7 14. b4 Ra7
15. Rfd1 axb4 16. axb4 Rha8 17. Rxa7 Rxa7 18. b5 Nc5 19. bxc6 bxc6 20. f3 Ra3
21. Rc1 Bf5 22. e4 Be6 23. Rc2 Nb3 24. Kf2 Nd4 25. Rc1 Rb3 26. Bf1 Rb2+ 27. Ke3
g6 28. Nd1 Ra2 29. Nc3 Ra3 30. Kf2 f5 31. exf5 gxf5 32. h3 Rb3 33. Nd1 f4 34.
Kg1 Bf5 35. Nc3 Bc2 36. Ne2 Rb1 37. Rxb1 Bxb1 38. Nc3 Bc2 39. Kf2 Kd6 40. Ke1
Kc5 41. Kd2 Bg6 42. Na2 Nf5 43. Bd3 Ne3 44. Bxg6 Nxc4+ 45. Kd3 hxg6 46. Ke4 Kd6
47. Nc3 Nb6 48. h4 Nd7 49. Ne2 Nc5# {Nc3 Nd7} 0-1

[Event "26th WSCC 2016 Open 65+"]
[Site "Marianske Lazne, Czech Republic - Hotel Cristal and Continental"]
[Date "2016.11.30"]
[Round "11.29"]
[White "Huelsmann, Josef"]
[Black "Vrabec, Milos"]
[Result "1/2-1/2"]
[WhiteElo "2219"]
[BlackElo "2138"]
[PlyCount "30"]
[EventDate "2016.11.19"]

1. d4 c5 2. e3 Nf6 3. Nf3 e6 4. Bd3 Nc6 5. O-O d5 6. b3 Bd6 7. Bb2 Qc7 8. Nbd2
e5 9. dxe5 Nxe5 10. Nxe5 Bxe5 11. Bxe5 Qxe5 12. e4 O-O 13. Re1 Bg4 14. exd5
Qxd5 15. Qc1 Rfe8 1/2-1/2

[Event "26th WSCC 2016 Open 65+"]
[Site "Marianske Lazne, Czech Republic - Hotel Cristal and Continental"]
[Date "2016.11.30"]
[Round "11.30"]
[White "Karlik, Vladimir"]
[Black "Kjolberg, Lars"]
[Result "1/2-1/2"]
[WhiteElo "2217"]
[BlackElo "2140"]
[PlyCount "99"]
[EventDate "2016.11.19"]

1. Nf3 Nf6 2. d4 g6 3. c4 Bg7 4. Nc3 O-O 5. Bg5 h6 6. Bh4 c5 7. e3 cxd4 8. Nxd4
Nc6 9. Be2 d6 10. O-O Bd7 11. Qd2 Rc8 12. Rac1 Re8 13. Rfd1 Nxd4 14. exd4 g5
15. Bg3 Bg4 16. Bxg4 Nxg4 17. h4 gxh4 18. Bxh4 Qd7 19. Nd5 e6 20. Nf4 e5 21.
Nh5 Qe6 22. f3 Nf6 23. Bxf6 Bxf6 24. Qxh6 Bh8 25. Qxe6 Rxe6 26. d5 Rg6 27. Kf2
f5 28. Ng3 Rg5 29. Ne2 Bf6 30. Rh1 Bd8 31. Rh6 Bb6+ 32. Kf1 Bc5 33. Rc3 Kg7 34.
Rh2 f4 35. Rc2 Rh8 36. Rxh8 Kxh8 37. Nc3 Rh5 38. Ne4 Rh1+ 39. Ke2 b6 40. Nxc5
bxc5 41. Kd3 Kg7 42. a3 a5 43. Kc3 Kf6 44. Kb3 Rh8 45. Ka4 Ra8 46. Kb5 e4 47.
fxe4 Ke5 48. Re2 a4 49. Kb6 Rb8+ 50. Ka5 1/2-1/2

[Event "26th WSCC 2016 Open 65+"]
[Site "Marianske Lazne, Czech Republic - Hotel Cristal and Continental"]
[Date "2016.11.30"]
[Round "11.31"]
[White "Giulian, Philip M"]
[Black "Wahlbom, Magnus"]
[Result "1/2-1/2"]
[WhiteElo "2133"]
[BlackElo "2215"]
[PlyCount "51"]
[EventDate "2016.11.19"]

1. d4 Nf6 2. c4 e6 3. Nc3 Bb4 4. Qc2 d5 5. cxd5 exd5 6. Bf4 Nc6 7. e3 O-O 8.
Bd3 Bd6 9. Bxd6 Qxd6 10. a3 Re8 11. Nge2 a6 12. Rc1 Bd7 13. h3 g6 14. O-O Ne7
15. Rfd1 Bf5 16. Na4 Rec8 17. b4 a5 18. Nc5 axb4 19. axb4 Bxd3 20. Nxd3 Nd7 21.
Nc5 b6 22. Nxd7 Qxd7 23. Nc3 c6 24. Ra1 Qb7 25. Qb3 b5 26. Ne2 1/2-1/2

[Event "26th WSCC 2016 Open 65+"]
[Site "Marianske Lazne, Czech Republic - Hotel Cristal and Continental"]
[Date "2016.11.30"]
[Round "11.32"]
[White "Lind, Jan-Olov"]
[Black "Behling, Robert"]
[Result "1-0"]
[WhiteElo "2213"]
[BlackElo "2118"]
[PlyCount "49"]
[EventDate "2016.11.19"]

1. Nf3 Nf6 2. g3 g6 3. Bg2 Bg7 4. O-O O-O 5. d3 d5 6. Nbd2 Nc6 7. e4 e5 8. c3
a5 9. a4 dxe4 10. dxe4 b6 11. Re1 Ba6 12. Bf1 Bxf1 13. Rxf1 Qd3 14. Ne1 Qd7 15.
Qf3 Rad8 16. Nc4 Qd1 17. Qxd1 Rxd1 18. Ne3 Rd7 19. f3 Rfd8 20. Kf2 Bf8 21. Ke2
h5 22. h4 Kg7 23. Nc4 Rd1 24. Bh6+ Kxh6 25. Rxd1 1-0

[Event "26th WSCC 2016 Open 65+"]
[Site "Marianske Lazne, Czech Republic - Hotel Cristal and Continental"]
[Date "2016.11.30"]
[Round "11.33"]
[White "Roeder, Gerd"]
[Black "Janda, Zdenek"]
[Result "1/2-1/2"]
[WhiteElo "2207"]
[BlackElo "2114"]
[PlyCount "132"]
[EventDate "2016.11.19"]

1. e4 g6 2. d4 d6 3. c4 Bg7 4. Nc3 e5 5. d5 Ne7 6. Be3 f5 7. f3 Nd7 8. Qd2 f4
9. Bf2 b6 10. Bd3 O-O 11. g3 a5 12. g4 Nc5 13. Bf1 Bd7 14. h4 h6 15. g5 h5 16.
Bh3 Be8 17. b3 Nc8 18. Nge2 Na7 19. Kf1 Bd7 20. Bxd7 Qxd7 21. Kg2 Rf7 22. Rhd1
Bf8 23. Qc2 Rb8 24. a3 Nc8 25. b4 Nb7 26. Rdb1 Be7 27. Nc1 Rf8 28. Nb3 axb4 29.
axb4 Nd8 30. Nd2 Nf7 31. Qa4 b5 32. Nxb5 Nb6 33. Bxb6 cxb6 34. Qb3 Ra8 35. Qb2
Bxg5 36. Rxa8 Rxa8 37. hxg5 Nxg5 38. Rh1 Nxf3 39. Kxf3 Qg4+ 40. Kf2 Qg3+ 41.
Kf1 f3 42. Nb1 f2 43. N5c3 Rf8 44. Qe2 h4 45. Nd1 h3 46. Ne3 Rf3 47. Nd2 Rxe3
48. Qxf2 Qg2+ 49. Qxg2 hxg2+ 50. Kxg2 Re2+ 51. Kf3 Rxd2 52. Rc1 Rd3+ 53. Ke2
Rh3 54. c5 bxc5 55. bxc5 dxc5 56. Rxc5 Kf7 57. Rc7+ Kf6 58. Rc6+ Kg5 59. Re6
Kf4 60. d6 Kxe4 61. Rxg6 Re3+ 62. Kd2 Rd3+ 63. Kc2 Rd5 64. Kc3 Kf5 65. Rh6 Kg5
66. Re6 Kf5 1/2-1/2